| 000 | 00565nam a22001937a 4500 | ||
|---|---|---|---|
| 003 | KOHA_MİRAKIL | ||
| 005 | 20250417141324.0 | ||
| 008 | 250417b tu ||||| |||| 00| 0 tur d | ||
| 020 | _a9786059320290 | ||
| 040 |
_aTR-AnABB _btur _cTR-AnABB |
||
| 041 | _atur | ||
| 082 |
_a818.993603 _bRIZ 2018 |
||
| 100 | 1 | _aRızayev, Anar, | |
| 245 | 1 | 0 |
_aİyi padişahın masalı / _cAnar Rızayev |
| 260 |
_aİstanbul : _bTürk Edebiyatı Vakfı Yayınları, _c2018 |
||
| 300 |
_a239 sayfa ; _c20 cm |
||
| 650 | 0 | 0 | _aAzerbaycan edebiyatı, roman |
| 942 |
_2ddc _cBK |
||
| 999 |
_c8748 _d8748 |
||
| 900 | _bGizem YORULMAZ | ||